<?xml version="1.0" encoding="UTF-8"?>
<record
    xmlns:xsi="http://www.w3.org/2001/XMLSchema-instance"
    xsi:schemaLocation="http://www.loc.gov/MARC21/slim http://www.loc.gov/standards/marcxml/schema/MARC21slim.xsd"
    xmlns="http://www.loc.gov/MARC21/slim">

  <leader>01559    a2200229   4500</leader>
  <controlfield tag="003">Nust</controlfield>
  <controlfield tag="005">20230307094745.0</controlfield>
  <datafield tag="010" ind1=" " ind2=" ">
    <subfield code="a">   76009336</subfield>
  </datafield>
  <datafield tag="020" ind1=" " ind2=" ">
    <subfield code="a">0224011618</subfield>
  </datafield>
  <datafield tag="040" ind1=" " ind2=" ">
    <subfield code="c">Nust</subfield>
  </datafield>
  <datafield tag="082" ind1="0" ind2="0">
    <subfield code="a">355.02,DIX</subfield>
  </datafield>
  <datafield tag="100" ind1="1" ind2=" ">
    <subfield code="a">Dixon, Norman F.</subfield>
    <subfield code="9">48778</subfield>
  </datafield>
  <datafield tag="245" ind1="1" ind2="0">
    <subfield code="a">On the psychology of military incompetence /</subfield>
    <subfield code="c">Norman Dixon ; with a foreword by Shelford Bidwell.</subfield>
  </datafield>
  <datafield tag="260" ind1=" " ind2=" ">
    <subfield code="a">New York :</subfield>
    <subfield code="b">Basic Books,</subfield>
    <subfield code="c">c1976.</subfield>
  </datafield>
  <datafield tag="300" ind1=" " ind2=" ">
    <subfield code="a">447 p. ;</subfield>
    <subfield code="c">22 cm.</subfield>
  </datafield>
  <datafield tag="505" ind1=" " ind2=" ">
    <subfield code="a">Introduction (Page-17), Generalship (Page-27), The Crimean War (Page-36), The Boer War (Page-52), Indian Interlude (Page-68), The First World War (Page-80), Cambria (page-86) The Siege of  Kut (Page-95), Between the Wars (Page-110), The Second World War (Page-123), Singapore (Page-130), Arnhem (Page-145), Is there a Case to Answer (Page-151), The Intellectual Ability of senior Military Commanders (Page-157), Military Organizations (Page-169), bullshit (Page-176), Socializations and the Anal Character (Page-186), Character and Honour (Page-196), Anti-Effeminacy (Page-208), Leaders of Men (Page-214), Militry  achievement (Page-238), Authoritarianism (Page-256), Mother of Incompetence (Page-280), Education and the Cult of Muscular Christianity (Page-288),Individual Differences (Page-305), Extremes of Authoritarianism (Page-309), The Worst and the Best (Page-318), Exceptions to the Rule ? (Page-354), Retreat (Page-393).</subfield>
  </datafield>
  <datafield tag="650" ind1=" " ind2="0">
    <subfield code="a">Generals.</subfield>
    <subfield code="9">37930</subfield>
  </datafield>
  <datafield tag="650" ind1=" " ind2="0">
    <subfield code="a">Militarism.</subfield>
    <subfield code="9">48779</subfield>
  </datafield>
  <datafield tag="650" ind1=" " ind2="0">
    <subfield code="a">Military history.</subfield>
  </datafield>
  <datafield tag="650" ind1=" " ind2="0">
    <subfield code="a">Psychology, Military.</subfield>
    <subfield code="9">48633</subfield>
  </datafield>
  <datafield tag="942" ind1=" " ind2=" ">
    <subfield code="2">ddc</subfield>
    <subfield code="c">BK</subfield>
  </datafield>
  <datafield tag="999" ind1=" " ind2=" ">
    <subfield code="c">185272</subfield>
    <subfield code="d">185272</subfield>
  </datafield>
  <datafield tag="952" ind1=" " ind2=" ">
    <subfield code="0">0</subfield>
    <subfield code="1">0</subfield>
    <subfield code="2">ddc</subfield>
    <subfield code="4">0</subfield>
    <subfield code="7">0</subfield>
    <subfield code="a">MCS</subfield>
    <subfield code="b">MCS</subfield>
    <subfield code="c">GEN</subfield>
    <subfield code="d">2016-12-12</subfield>
    <subfield code="o">355.02,DIX</subfield>
    <subfield code="p">MCS21861</subfield>
    <subfield code="r">2016-12-08</subfield>
    <subfield code="w">2016-12-12</subfield>
    <subfield code="y">BK</subfield>
    <subfield code="z">Almirah No.73, Shelf No.8</subfield>
  </datafield>
</record>
